Analysis and estimation of stochastic mechanical sytsems / (Record no. 9831)

MARC details
000 -LEADER
fixed length control field 01111nac a22002891i 4500
003 - CONTROL NUMBER IDENTIFIER
control field EG-ScBUE
005 - DATE AND TIME OF LATEST TRANSACTION
control field 20241107094201.0
008 - FIXED-LENGTH DATA ELEMENTS--GENERAL INFORMATION
fixed length control field 241107s1988 nyua f 000 0 eng d
020 ## - INTERNATIONAL STANDARD BOOK NUMBER
International Standard Book Number 3211820582
020 ## - INTERNATIONAL STANDARD BOOK NUMBER
International Standard Book Number 0387820582
040 ## - CATALOGING SOURCE
Original cataloging agency EG-ScBUE
Language of cataloging eng
Description conventions rda
Transcribing agency EG-ScBUE
Modifying agency EG-ScBUE
082 04 - DEWEY DECIMAL CLASSIFICATION NUMBER
Classification number 519.22
Item number ANA
Edition number 22
245 00 - TITLE STATEMENT
Title Analysis and estimation of stochastic mechanical sytsems /
Statement of responsibility, etc edited by W. Schiehlen, University of Stuttgart, W. Wedig, University of Karsruhe
264 #1 - PUBLICATION, DISTRIBUTION, ETC. (IMPRINT)
Place of publication, distribution, etc New York :
Name of publisher, distributor, etc Springer Verlage,
Date of publication, distribution, etc 1988.
300 ## - PHYSICAL DESCRIPTION
Extent 350 pages :
Other physical details illustrations ;
Dimensions 23 cm.
336 ## - CONTENT TYPE
Source rdacontent
Content type term text
Content type code txt
337 ## - MEDIA TYPE
Media type term unmediated
Source rdamedia
Media type code n
338 ## - CARRIER TYPE
Carrier type term volume
Carrier type code nc
Source rdacarrier
490 0# - SERIES STATEMENT
Series statement CISM courses and lectures ;
Volume number/sequential designation No 303
500 ## - GENERAL NOTE
General note distributer: Al-Ahram
500 ## - GENERAL NOTE
General note This volume contains the lectures and the tutorials presented during a course at the international centre for mechanical sciences in Udine, Summer 1987
650 #7 - SUBJECT ADDED ENTRY--TOPICAL TERM
Topical term or geographic name as entry element Stochastic analysis.
Source of heading or term BUEsh
655 ## - INDEX TERM--GENRE/FORM
Form subdivision Reading book
700 1# - ADDED ENTRY--PERSONAL NAME
Personal name Schiehlen, W.,
Relator term editor.
700 1# - ADDED ENTRY--PERSONAL NAME
Personal name Wedig, W.,
Relator term editor.
942 ## - ADDED ENTRY ELEMENTS (KOHA)
Koha item type Book - Borrowing
Source of classification or shelving scheme Dewey Decimal Classification
Holdings
Withdrawn status Lost status Source of classification or shelving scheme Damaged status Not for loan Collection code Home library Current library Shelving location Date acquired Source of acquisition Total Checkouts Full call number Barcode Date last seen Price effective from Koha item type
    Dewey Decimal Classification     Alahram Central Library Central Library First floor 08/06/2010 Purchase   519.22 ANA 000012191 15/07/2025 10/06/2008 Book - Borrowing